Music Quiz

Random Music or Song Quiz
Score 0/15 Timer 10:00
0 Plays Today
% Correct
Fire
94.1%
St Patrick
93.2%
My House
91.6%
White Noise
89.9%
Mirrors
89.6%
Smoke
89.3%
Holy
87.4%
Ghosts
87.4%
% Correct
Eyelids
86.5%
Let Them In
84%
Demon Limbs
73.8%
Mind Over Matter
72.5%
Only Love
71.4%
Waking Up
65.2%
The Heartless
47.3%
Remove Ads.
Support Sporcle.
Get the best of Sporcle when you Go Orange. This ad-free experience offers more features, more stats, and more fun while also helping to support Sporcle. Thank you for becoming a member.

You're not logged in!

Compare scores with friends on all Sporcle quizzes.
OR
Log In

Show Comments

Extras

Created Jan 13, 2015ReportNominate
Tags:Song Quiz

Top Quizzes Today


Score Distribution

Your Account Isn't Verified!

In order to create a playlist on Sporcle, you need to verify the email address you used during registration. Go to your Sporcle Settings to finish the process.

Report this User

Report this user for behavior that violates our Community Guidelines.

Details: